MARC

LEADER 00000nam0a2200000 4500
001 255927
005 20231101233053.0
020 |a RU  |b 83-88785 
035 |a (RuTPU)RU\TPU\book\278554 
090 |a 255927 
100 |a 20140403d1983 m y0rusy5003 ca 
101 0 |a rus 
102 |a RU 
105 |a y j 000zy 
200 1 |a Задачи и упражнения по химии  |f Л. Г. Гуськова  |g под ред. Г. П. Хомченко 
205 |a 2-е изд., перераб. 
210 |a Москва  |c Высшая школа  |d 1983 
215 |a 135 с. 
606 1 |a Химия  |2 stltpush  |3 (RuTPU)RU\TPU\subj\17362  |9 43035 
610 1 |a учебные пособия 
610 1 |a задачи 
610 1 |a упражнения 
610 1 |a химические законы 
610 1 |a периодический закон Менделеева 
610 1 |a химическое строение 
610 1 |a химические растворы 
610 1 |a концентрация 
610 1 |a электролитическая диссоциация 
610 1 |a окислительно-восстановительные реакции 
610 1 |a электрохимические процессы 
610 1 |a неметаллические элементы 
610 1 |a металлические элементы 
610 1 |a органические соединения 
675 |a 54(076)  |v 3 
700 1 |a Гуськова  |b Л. Г.  |g Лидия Георгиевна  |4 070 
702 1 |a Хомченко  |b Г. П.  |4 340 
801 0 |a RU  |b RuMRKP  |c 19950704  |g psbo 
801 1 |a RU  |b 63413507  |c 20140403 
801 2 |a RU  |b 63413507  |c 20140424  |g RCR 
942 |c BK